Cesta Kazachstánu
Salvato in:
| Autore principale: | |
|---|---|
| Natura: | Libro |
| Lingua: | ceco |
| Pubblicazione: |
Praha
Aventinum
2007
|
| Soggetti: | |
| Tags: |
Nessun Tag, puoi essere il primo ad aggiungerne!!
|
MARC
| LEADER | 00000nam$a2200000$$$4500 | ||
|---|---|---|---|
| 001 | 0073195 | ||
| 005 | 20221207101019.8 | ||
| 020 | |a 978-80-86858-37-1 | ||
| 041 | 0 | |a cze | |
| 044 | |a CZ | ||
| 245 | 1 | 0 | |a Cesta Kazachstánu |c Nursultan Abiševič Nazarbajev |
| 264 | 1 | |a Praha |b Aventinum |c 2007 | |
| 300 | |a 320 s. | ||
| 610 | 2 | 0 | |a štát |
| 610 | 2 | 0 | |a nezávislosť |
| 610 | 2 | 0 | |a transformácia |
| 610 | 2 | 0 | |a reformy |
| 610 | 2 | 0 | |a vlastníctvo súkromné |
| 610 | 2 | 0 | |a vývoj hospodársky |
| 610 | 2 | 0 | |a politika finančná |
| 610 | 2 | 0 | |a vývoj spoločenský |
| 610 | 2 | 0 | |a vývoj politický |
| 610 | 2 | 0 | |a stratégia hospodárska |
| 610 | 2 | 0 | |a ústava |
| 610 | 2 | 0 | |a zdroje surovinové |
| 610 | 2 | 0 | |a ropa |
| 610 | 2 | 0 | |a plyn zemný |
| 610 | 2 | 0 | |a mena |
| 610 | 2 | 0 | |a banky |
| 610 | 2 | 0 | |a privatizácia |
| 610 | 2 | 0 | |a reformy pozemkové |
| 610 | 2 | 0 | |a mestá |
| 610 | 2 | 0 | |a astronómia |
| 610 | 2 | 0 | |a Kazachstan |
| 610 | 2 | 0 | |a prezidenti |
| 610 | 2 | 0 | |a Nazarbajev, N. A. |
| 100 | 1 | |a Nazarbajev, Nursultan Abiševič | |